Zapata y la revolución mexicana / (Registro nro. 40014)
[ vista simple ]
| 000 -LEADER | |
|---|---|
| fixed length control field | 01470cam a2200373 i 4500 |
| 001 - CONTROL NUMBER | |
| control field | 40014 |
| 003 - CONTROL NUMBER IDENTIFIER | |
| control field | Mx-PuUPA |
| 005 - DATE AND TIME OF LATEST TRANSACTION | |
| control field | 20250428120829.0 |
| 008 - FIXED-LENGTH DATA ELEMENTS--GENERAL INFORMATION | |
| fixed length control field | 140415s1982 mx a gr 000 0 spa d |
| 020 ## - INTERNATIONAL STANDARD BOOK NUMBER | |
| International Standard Book Number | 9682303222 |
| 040 ## - CATALOGING SOURCE | |
| Original cataloging agency | Mx-PuUPA |
| Transcribing agency | Mx-PuUPA |
| Language of cataloging | spa |
| Modifying agency | Mx-PuUPA |
| Description conventions | rda |
| 041 1# - LANGUAGE CODE | |
| Language code of text/sound track or separate title | spa |
| Language code of original | eng |
| 100 1# - MAIN ENTRY--PERSONAL NAME | |
| Personal name | Womack, John, |
| Titles and words associated with a name | Jr., |
| Dates associated with a name | 1937- |
| 9 (RLIN) | 16995 |
| Relator term | autor |
| 240 10 - UNIFORM TITLE | |
| Uniform title | Zapata and mexican revolution. |
| Language of a work | Español |
| 245 10 - TITLE STATEMENT | |
| Title | Zapata y la revolución mexicana / |
| Statement of responsibility, etc. | por John Womack, Jr. ; traducción de Francisco González Aramburo |
| 250 ## - EDITION STATEMENT | |
| Edition statement | Decimosegunda edición |
| 264 #1 - PRODUCTION, PUBLICATION, DISTRIBUTION, MANUFACTURE, AND COPYRIGHT NOTICE | |
| Place of production, publication, distribution, manufacture | México, D. F. : |
| Name of producer, publisher, distributor, manufacturer | Siglo XXI Editores, |
| Date of production, publication, distribution, manufacture, or copyright notice | 1982 |
| 300 ## - PHYSICAL DESCRIPTION | |
| Extent | xii, 443 páginas, 10 láminas : |
| Other physical details | ilustraciones (en blanco y negro) ; |
| Dimensions | 21 cm |
| 336 ## - CONTENT TYPE | |
| Fuente | rdacontent |
| Content type term | texto |
| Content type code | txt |
| 337 ## - MEDIA TYPE | |
| Source | rdamedia |
| Media type term | sin medio |
| Media type code | n |
| 338 ## - CARRIER TYPE | |
| Source | rdacarrier |
| Carrier type term | volumen |
| Carrier type code | nc |
| 490 0# - SERIES STATEMENT | |
| Series statement | Colección América Nuestra ; |
| Volume/sequential designation | 10 |
| 490 0# - SERIES STATEMENT | |
| Series statement | Caminos de Liberación |
| 600 14 - SUBJECT ADDED ENTRY--PERSONAL NAME | |
| Personal name | Zapata, Emiliano, |
| Dates associated with a name | 1879 - 1919 |
| Form subdivision | Biografía |
| 650 #7 - SUBJECT ADDED ENTRY--TOPICAL TERM | |
| Source of heading or term | armarc |
| 9 (RLIN) | 13986 |
| 651 #4 - SUBJECT ADDED ENTRY--GEOGRAPHIC NAME | |
| Geographic name | México |
| General subdivision | Historia |
| -- | Revolución |
| Chronological subdivision | 1940 - 1946 |
| 700 1# - ADDED ENTRY--PERSONAL NAME | |
| Personal name | González Aramburo, Francisco, |
| Relator term | traductor |
| 765 ## - ORIGINAL LANGUAGE ENTRY | |
| Main entry heading | Womack, John, Jr., 1937- |
| Place, publisher, and date of publication | Nueva York : Alfred A. Knoph, 1969 |
| Title | Zapata and mexican revolution. |
| 942 ## - ADDED ENTRY ELEMENTS (KOHA) | |
| Source of classification or shelving scheme | Dewey Decimal Classification |
| Koha item type | Libro |
| Classification part | 972.0816092 |
| Item part | W8718 |
| Withdrawn status | Lost status | Source of classification or shelving scheme | Damaged status | Not for loan | Collection code | Home library | Current library | Shelving location | Date acquired | Source of acquisition | Total Checkouts | Full call number | Barcode | Date last seen | Date last checked out | Price effective from | Koha item type |
|---|---|---|---|---|---|---|---|---|---|---|---|---|---|---|---|---|---|
| Dewey Decimal Classification | General | Biblioteca Karol Wojtyla | Biblioteca Karol Wojtyla | Sala general | 03/12/2013 | Compra | 972.0816092 W8718 1982 | 45323 | 05/01/2026 | 27/11/2015 | 03/12/2013 | Libro |